Corrosion engineering (Record no. 1267)

000 -LEADER
fixed length control field 00569nam a22002177a 4500
001 - CONTROL NUMBER
control field 1267
003 - CONTROL NUMBER IDENTIFIER
control field BD-DhUET
008 - FIXED-LENGTH DATA ELEMENTS--GENERAL INFORMATION
fixed length control field 140902b xxu||||| |||| 00| 0 eng d
020 ## - INTERNATIONAL STANDARD BOOK NUMBER
International Standard Book Number 9789848725085
040 ## - CATALOGING SOURCE
Transcribing agency 0
Modifying agency BD-DhUET
082 ## - DEWEY DECIMAL CLASSIFICATION NUMBER
Classification number 620.1122
Item number NOO/2009
100 ## - MAIN ENTRY--PERSONAL NAME
Personal name Nooruddin Ahmed
245 ## - TITLE STATEMENT
Title Corrosion engineering
Remainder of title an introductory text
250 ## - EDITION STATEMENT
Edition statement 1st ed.
260 ## - PUBLICATION, DISTRIBUTION, ETC. (IMPRINT)
Place of publication, distribution, etc. Dhaka
Name of publisher, distributor, etc. N. Ahmed and I. Mahmud
Date of publication, distribution, etc. 2009
300 ## - PHYSICAL DESCRIPTION
Extent xviii, 261 p.
504 ## - BIBLIOGRAPHY, ETC. NOTE
Bibliography, etc Includes bibliographies
650 #0 - SUBJECT ADDED ENTRY--TOPICAL TERM
Topical term or geographic name as entry element Corrosion and anti-Corrosion
700 ## - ADDED ENTRY--PERSONAL NAME
Personal name Iqbal Mahmud
942 ## - ADDED ENTRY ELEMENTS (KOHA)
Koha item type General Book
Holdings
Koha normalized classification for sorting Koha issues (times borrowed) Date acquired Koha date last seen Koha full call number Price effective from Shelving location Not for loan Koha date last borrowed Location (home branch) Copy number Withdrawn status Koha item type Sublocation or collection (holding branch) Damaged status Source of classification or shelving scheme Piece designation (barcode) Koha out on loan Lost status
620_000000000000000_1122NOO20022014-09-022021-08-28620.1122/NOO/20092014-09-02Circulation section 2021-08-28Central Library, BUET8 General BookCentral Library, BUET  107513  
620_000000000000000_1122NOO200252014-09-022021-09-06620.1122/NOO/20092014-09-02Circulation section 2021-09-06Central Library, BUET8 General BookCentral Library, BUET  107507  
620_000000000000000_1122NOO20012014-09-022021-08-28620.1122/NOO/20092014-09-02Circulation section 2021-08-28Central Library, BUET8 General BookCentral Library, BUET  107508  
620_000000000000000_1122NOO20012014-09-022021-08-28620.1122/NOO/20092014-09-02Circulation section 2021-08-28Central Library, BUET  General BookCentral Library, BUET  107506  
620_000000000000000_1122NOO20012014-09-022021-08-28620.1122/NOO/20092014-09-02Circulation section 2021-08-28Central Library, BUET  General BookCentral Library, BUET  107512  
620_000000000000000_1122NOO20052014-09-022025-12-01620.1122/NOO/20092014-09-02Circulation section 2025-12-01Central Library, BUET  General BookCentral Library, BUET  1075092025-12-15 
620_000000000000000_1122NOO200382014-09-022024-10-21620.1122/NOO/20092014-09-02Circulation section 2024-10-21Central Library, BUET  General BookCentral Library, BUET  107505  
620_000000000000000_1122NOO20012014-09-022021-08-28620.1122/NOO/20092014-09-02Circulation section 2021-08-28Central Library, BUET  General BookCentral Library, BUET  107511  
620_000000000000000_1122NOO20012014-09-022021-08-28620.1122/NOO/20092014-09-02Circulation section 2021-08-28Central Library, BUET  General BookCentral Library, BUET  107504  
620_112200000000000_NOO_200912010-01-132021-08-28620.1122/NOO/20092018-04-28Circulation section 2021-08-28Central Library, BUET1 General BookCentral Library, BUET  107510